[Event "Gibraltar Challengers1"]
[Site "Gibraltar"]
[Date "2009.01.28"]
[Round "2"]
[White "Machin Arbelo, Pedro Alexis"]
[Black "Guerrero Beret, Jesus"]
[Result "0-1"]
[WhiteElo "2134"]
[BlackElo "1964"]
[PlyCount "76"]
[EventDate "2009.01.27"]
[EventType "tourn"]
[EventRounds "5"]
[EventCountry "ENG"]
[SourceTitle "EXT 2010"]
[Source "ChessBase"]
[SourceDate "2010.11.25"]
[SourceVersion "1"]
[SourceVersionDate "2010.11.25"]
[SourceQuality "1"]

1. e4 Nf6 2. Bc4 d5 3. exd5 Nxd5 4. Qf3 e6 5. Nc3 Nb6 6. Bb3 Nc6 7. Nge2 Bd6 8. d4 0-0 9. Ne4 Na5 10. Nxd6 cxd6 11. Qg3 g6 12. h4 Nxb3 13. axb3 Re8 14. Be3 Nd5 15. Bd2 Ne7 16. h5 Nf5 17. Qh2 g5 18. h6 f6 19. f4 e5 20. dxe5 dxe5 21. fxg5 Qd6 22. 0-0-0 Qa6 23. Nc3 Nd4 24. Be3 Nxb3+ 25. cxb3 Qa1+ 26. Kc2 Bf5+ 27. Rd3 Bxd3+ 28. Kxd3 Qxb2 29. gxf6 e4+ 30. Nxe4 Rad8+ 31. Nd6 Qxb3+ 32. Kd2 Qxe3+ 33. Kc2 Qc5+ 34. Kb1 Qxd6 35. Qh4 Qd3+ 36. Kc1 Rc8+ 37. Kb2 Rc2+ 38. Ka1 Qa3+ 0-1